000 00575nam a2200181Ia 4500
008 090124s9999 xx 000 0 und d
082 _b9859
_a847
100 _aगोखले विद्याधर.
245 _a गजल-सम्राट गालिब
250 _a1
260 _c1958
300 _a76
600 _aगोखले विद्याधर.
630 _a गजल-सम्राट गालिब
700 _aगोखले विद्याधर.
730 _a गजल-सम्राट गालिब
942 _cBOOK
999 _c123913
_d123913